000 00551nam a2200121Ia 4500
008 220620s9999||||xx |||||||||||||| ||und||
100 _aPeebles, Dave
245 0 _aPacific Regional Order
546 _aEnglish[eng]
650 _anational security||economic aspects||economic integration||pacific area||foreign relations||economic policy||Australia||European Union||New Zealand||Oceania
856 _uhttps://library.oapen.org/bitstream/20.500.12657/33668/1/459432.pdf||https://library.oapen.org/bitstream/20.500.12657/33668/1/459432.pdf
942 _cEB
999 _c27313
_d27313